00481nam a22001457a 4500003000400000020001800004082001700022100001800039245004200057250000800099260004400107300000800151650002400159653015200183SGT a9789382391128 a332.6457,ROY aROY,H J GHOSH aFINANCIAL AND COMMODITIES DERIVATIVES a1ST aNEW DELHIbLUXMI PUBLISHING HOUSEc2013 a379 aFINANCIAL ECONOMICS aGROWTH & DEVELOPMENT OF DERIVATIVES MARKETS, EQUITY DERIVATIVES, CREDIT DERIVATIVES, CURRENCY DERIVATIVES, COMMODITIES DERIVATIVES, MISCELLANEOUS,